[Event "AUT-chT2O 2122"]
[Site "Austria"]
[Date "2022.02.13"]
[Round "5.5"]
[White "Teuber, Andreas"]
[Black "Wetscherek, Gerhard"]
[Result "1/2-1/2"]
[WhiteElo "2108"]
[BlackElo "2114"]
[PlyCount "44"]
[EventDate "2021.10.16"]
[EventType "team-tourn"]
[EventRounds "11"]
[EventCountry "AUT"]
[SourceTitle "EXT 2023"]
[Source "ChessBase"]
[SourceDate "2022.10.05"]
[SourceVersion "1"]
[SourceVersionDate "2022.10.05"]
[SourceQuality "1"]
[WhiteTeam "Mistelbach/Altlichtenwarth"]
[BlackTeam "Ottakring"]
[WhiteTeamCountry "AUT"]
[BlackTeamCountry "AUT"]

1. d4 g6 2. c4 d6 3. Nf3 Nf6 4. g3 Bg7 5. Bg2 0-0 6. 0-0 c6 7. Nc3 Qc7 8. e4 Bg4 9. Be3 Nbd7 10. Qc2 e5 11. d5 cxd5 12. cxd5 a6 13. h3 Bxf3 14. Bxf3 b5 15. Rfc1 Rfc8 16. Qd2 Qb7 17. Bg2 Nb6 18. b3 Nfd7 19. Bh6 Bh8 20. Be3 Bg7 21. Bh6 Bh8 22. Be3 Bg7 1/2-1/2

[Event "AUT-chT2O 1920"]
[Site "Austria"]
[Date "2020.03.01"]
[Round "9.5"]
[White "Teuber, Andreas"]
[Black "Juenger, Heinz"]
[Result "1/2-1/2"]
[WhiteElo "2117"]
[BlackElo "2175"]
[PlyCount "56"]
[EventDate "2019.10.19"]
[EventType "team-tourn"]
[EventRounds "11"]
[EventCountry "AUT"]
[SourceTitle "CBM 195 Extra"]
[Source "ChessBase"]
[SourceDate "2020.05.31"]
[SourceVersion "1"]
[SourceVersionDate "2020.05.31"]
[SourceQuality "1"]
[WhiteTeam "Mistelbach/Altlichtenwarth"]
[BlackTeam "Baden Invest"]
[WhiteTeamCountry "AUT"]
[BlackTeamCountry "AUT"]

1. d4 Nf6 2. Nf3 g6 3. Bg5 Bg7 4. Nbd2 d5 5. c3 0-0 6. e3 c6 7. Be2 Bf5 8. Qb3 Qb6 9. Qxb6 axb6 10. 0-0 h6 11. Bh4 b5 12. h3 g5 13. Bg3 Nbd7 14. Ne5 Nxe5 15. Bxe5 Ne4 16. Bxg7 Kxg7 17. Nxe4 Bxe4 18. f3 Bh7 19. Kf2 f6 20. f4 e5 21. g3 Rfe8 22. fxg5 fxg5 23. a3 Re7 24. Rae1 exd4 25. exd4 Rf8+ 26. Kg1 Rfe8 27. Kf2 Rf8+ 28. Kg1 Rfe8 1/2-1/2

[Event "Niederoesterreich Landesliga 1819"]
[Site "Austria"]
[Date "2019.02.17"]
[Round "8.3"]
[White "Herndlbauer, Martin"]
[Black "Teuber, Andreas"]
[Result "1/2-1/2"]
[WhiteElo "2058"]
[BlackElo "2169"]
[PlyCount "22"]
[EventDate "2018.09.30"]
[EventType "team-tourn"]
[EventRounds "11"]
[EventCountry "AUT"]
[SourceTitle "CBM 189 Extra"]
[Source "ChessBase"]
[SourceDate "2019.06.03"]
[SourceVersion "1"]
[SourceVersionDate "2019.06.03"]
[SourceQuality "1"]
[WhiteTeam "Baden Invest"]
[BlackTeam "Mistelbach/Altlichtenwarth"]
[WhiteTeamCountry "AUT"]
[BlackTeamCountry "AUT"]

1. c4 e6 2. Nf3 d5 3. d4 Nf6 4. cxd5 exd5 5. Nc3 c6 6. Bg5 Be7 7. Qd2 0-0 8. e3 Nbd7 9. Bd3 Re8 10. h3 Nf8 11. Bf4 Bd6 1/2-1/2

[Event "Niederoesterreich Landesliga 1819"]
[Site "Austria"]
[Date "2019.01.27"]
[Round "7.3"]
[White "Teuber, Andreas"]
[Black "Wetscherek, Gerhard"]
[Result "0-1"]
[WhiteElo "2169"]
[BlackElo "2074"]
[PlyCount "80"]
[EventDate "2018.09.30"]
[EventType "team-tourn"]
[EventRounds "11"]
[EventCountry "AUT"]
[SourceTitle "CBM 189 Extra"]
[Source "ChessBase"]
[SourceDate "2019.06.03"]
[SourceVersion "1"]
[SourceVersionDate "2019.06.03"]
[SourceQuality "1"]
[WhiteTeam "Mistelbach/Altlichtenwarth"]
[BlackTeam "Bisamberg/Korneuburg"]
[WhiteTeamCountry "AUT"]
[BlackTeamCountry "AUT"]

1. d4 Nf6 2. c4 d6 3. Nf3 g6 4. g3 Bg7 5. Bg2 0-0 6. 0-0 c6 7. Nc3 Qc7 8. h3 e5 9. e4 Nbd7 10. Be3 Re8 11. Qc2 b6 12. Rfd1 Bb7 13. Rd2 a6 14. Rad1 Rad8 15. b4 Nh5 16. dxe5 dxe5 17. c5 bxc5 18. bxc5 Nf8 19. Qb3 Rxd2 20. Rxd2 Ne6 21. Rb2 Re7 22. Qb6 f5 23. Qxc7 Rxc7 24. Ng5 Nxg5 25. Bxg5 f4 26. g4 Nf6 27. Bxf6 Bxf6 28. Rd2 Be7 29. Na4 Bc8 30. Bf1 Be6 31. Rb2 Rd7 32. Bxa6 Rd4 33. Nc3 Bxc5 34. Bb7 Rb4 35. Nd1 Rxe4 36. Nc3 Rc4 37. Rb3 Bd4 38. Ne4 Rc1+ 39. Kg2 Bxb3 40. axb3 Kg7 0-1

[Event "Niederoesterreich Landesliga 1819"]
[Site "Austria"]
[Date "2018.11.25"]
[Round "5.4"]
[White "Teuber, Andreas"]
[Black "Zwettler, Martin"]
[Result "1/2-1/2"]
[WhiteElo "2169"]
[BlackElo "2218"]
[PlyCount "36"]
[EventDate "2018.09.30"]
[EventType "team-tourn"]
[EventRounds "11"]
[EventCountry "AUT"]
[SourceTitle "CBM 189 Extra"]
[Source "ChessBase"]
[SourceDate "2019.06.03"]
[SourceVersion "1"]
[SourceVersionDate "2019.06.03"]
[SourceQuality "1"]
[WhiteTeam "Mistelbach/Altlichtenwarth"]
[BlackTeam "Zwettl"]
[WhiteTeamCountry "AUT"]
[BlackTeamCountry "AUT"]

1. d4 e6 2. c4 b6 3. Nc3 Bb4 4. e4 Bb7 5. Bd3 f5 6. Qh5+ g6 7. Qe2 Nf6 8. f3 Nc6 9. Be3 fxe4 10. fxe4 e5 11. Nf3 exd4 12. Nxd4 Qe7 13. Ndb5 0-0-0 14. 0-0 a6 15. Bg5 Qc5+ 16. Be3 Qe7 17. Bg5 Qc5+ 18. Be3 Qe7 1/2-1/2

[Event "AUT-chT2O 1819"]
[Site "Austria"]
[Date "2018.11.03"]
[Round "3.6"]
[White "Teuber, Andreas"]
[Black "Dittel, Herbert"]
[Result "1-0"]
[WhiteElo "2167"]
[BlackElo "2060"]
[PlyCount "89"]
[EventDate "2018.10.06"]
[EventType "team-tourn"]
[EventRounds "11"]
[EventCountry "AUT"]
[SourceTitle "CBM 187 Extra"]
[Source "ChessBase"]
[SourceDate "2018.11.04"]
[SourceVersion "1"]
[SourceVersionDate "2018.11.04"]
[SourceQuality "1"]
[WhiteTeam "Mistelbach/Altlichtenwarth"]
[BlackTeam "Bad Voeslau"]
[WhiteTeamCountry "AUT"]
[BlackTeamCountry "AUT"]

1. d4 Nf6 2. c4 e6 3. Nf3 d5 4. g3 Be7 5. Bg2 0-0 6. 0-0 dxc4 7. Qc2 Bd7 8. Ne5 Bc6 9. Nxc6 Nxc6 10. e3 Nb4 11. Qxc4 Nbd5 12. Nc3 c6 13. Rd1 Qd7 14. Qb3 b5 15. Bd2 a6 16. Rac1 Rac8 17. Ne2 Qa7 18. Ba5 c5 19. e4 c4 20. Qc2 Nb4 21. Bxb4 Bxb4 22. a3 Be7 23. Nf4 Rfd8 24. e5 Nd5 25. Bxd5 exd5 26. h4 Qd7 27. Re1 Rc6 28. Re3 Qg4 29. Kg2 Bxh4 30. e6 fxe6 31. Rh1 Bf6 32. Qxh7+ Kf7 33. Nh5 Qxd4 34. Rf3 Ke8 35. Nxf6+ Ke7 36. Qxg7+ Kd6 37. Ne8+ Kc5 38. b4+ cxb3 39. Rc1+ Qc4 40. Qa7+ Rb6 41. Rxc4+ bxc4 42. Qc7+ Kb5 43. Qxd8 b2 44. Nd6+ Kc6 45. Rf7 1-0

[Event "Niederoesterreich Landesliga 1819"]
[Site "Austria"]
[Date "2018.10.14"]
[Round "2.4"]
[White "Schmid, Thomas2222"]
[Black "Teuber, Andreas"]
[Result "1-0"]
[WhiteElo "2141"]
[BlackElo "2169"]
[PlyCount "69"]
[EventDate "2018.09.30"]
[EventType "team-tourn"]
[EventRounds "11"]
[EventCountry "AUT"]
[SourceTitle "CBM 189 Extra"]
[Source "ChessBase"]
[SourceDate "2019.06.03"]
[SourceVersion "1"]
[SourceVersionDate "2019.06.03"]
[SourceQuality "1"]
[WhiteTeam "Stockerau"]
[BlackTeam "Mistelbach/Altlichtenwarth"]
[WhiteTeamCountry "AUT"]
[BlackTeamCountry "AUT"]

1. e4 Nf6 2. e5 Nd5 3. d4 d6 4. Nf3 Bg4 5. Be2 e6 6. 0-0 Nc6 7. c4 Nde7 8. exd6 Qxd6 9. Nc3 Bxf3 10. Bxf3 0-0-0 11. Nb5 Qb4 12. b3 Nxd4 13. Nxd4 e5 14. Nc2 Qc3 15. Qe2 f5 16. Rd1 Rxd1+ 17. Qxd1 e4 18. Be2 Nc6 19. Rb1 Bc5 20. Qd2 Qf6 21. Bb2 Qg6 22. Qc3 Rg8 23. b4 Be7 24. b5 Nd8 25. Qe5 Bg5 26. Ne3 Bxe3 27. fxe3 Ne6 28. Qg3 Qf7 29. Rd1 g5 30. Qe5 Rf8 31. Rf1 h5 32. Ba3 Re8 33. Qxf5 Qd7 34. Rd1 Qg7 35. Bxh5 1-0

[Event "Niederoesterreich Landesliga 1819"]
[Site "Austria"]
[Date "2018.09.30"]
[Round "1.4"]
[White "Teuber, Andreas"]
[Black "Lechner, Daniel"]
[Result "1/2-1/2"]
[WhiteElo "2169"]
[BlackElo "2167"]
[PlyCount "61"]
[EventDate "2018.09.30"]
[EventType "team-tourn"]
[EventRounds "11"]
[EventCountry "AUT"]
[SourceTitle "CBM 189 Extra"]
[Source "ChessBase"]
[SourceDate "2019.06.03"]
[SourceVersion "1"]
[SourceVersionDate "2019.06.03"]
[SourceQuality "1"]
[WhiteTeam "Mistelbach/Altlichtenwarth"]
[BlackTeam "Kottingbrunn"]
[WhiteTeamCountry "AUT"]
[BlackTeamCountry "AUT"]

1. d4 Nf6 2. c4 g6 3. g3 d5 4. cxd5 Nxd5 5. Bg2 Bg7 6. Nf3 0-0 7. 0-0 Nb6 8. Nc3 Nc6 9. e3 Re8 10. Re1 a5 11. b3 e5 12. dxe5 Nxe5 13. Nd4 Bg4 14. Qd2 c5 15. Ndb5 Qxd2 16. Bxd2 Red8 17. Bc1 Nd3 18. Rf1 Be2 19. Nxe2 Bxa1 20. Ba3 Bb2 21. Bxb2 Nxb2 22. Bxb7 Rab8 23. Bf3 Nd3 24. Nec3 Ne5 25. Bg2 c4 26. Nd4 Rbc8 27. Ncb5 Rc5 28. Be4 Ng4 29. Na7 Nf6 30. Bf3 Rd7 31. Nac6 1/2-1/2

[Event "Niederoesterreich Landesliga 1718"]
[Site "Austria"]
[Date "2017.11.12"]
[Round "4.3"]
[White "Popelka, Oldrich"]
[Black "Teuber, Andreas"]
[Result "0-1"]
[WhiteElo "2123"]
[BlackElo "2161"]
[PlyCount "66"]
[EventDate "2017.10.01"]
[EventType "team-tourn"]
[EventRounds "11"]
[EventCountry "AUT"]
[SourceTitle "EXT 2019"]
[Source "ChessBase"]
[SourceDate "2018.10.10"]
[SourceVersion "1"]
[SourceVersionDate "2018.10.10"]
[SourceQuality "1"]
[WhiteTeam "Litschau/Eisgarn"]
[BlackTeam "Mistelbach"]
[WhiteTeamCountry "AUT"]
[BlackTeamCountry "AUT"]

1. c4 Nf6 2. Nc3 c6 3. Nf3 g6 4. e4 Bg7 5. Be2 d6 6. d4 Nbd7 7. 0-0 0-0 8. h3 e5 9. dxe5 dxe5 10. Be3 Qe7 11. a3 Nh5 12. Qc1 Nc5 13. Qc2 Nf4 14. Rfd1 g5 15. Bxf4 exf4 16. Bd3 h5 17. Ne2 Rd8 18. Rab1 g4 19. hxg4 hxg4 20. Nh2 Be5 21. b4 Nxd3 22. Rxd3 Be6 23. Rbd1 Rxd3 24. Rxd3 Kg7 25. f3 g3 26. Ng4 Bxg4 27. fxg4 a5 28. Nd4 Bxd4+ 29. Rxd4 axb4 30. c5 Rxa3 31. Qb2 Qxc5 32. Kf1 Rc3 33. Rxb4 Kg6 0-1

[Event "Niederoesterreich Landesliga 1718"]
[Site "Austria"]
[Date "2017.10.15"]
[Round "2.4"]
[White "Teuber, Andreas"]
[Black "Piringer, Florian"]
[Result "1/2-1/2"]
[WhiteElo "2161"]
[BlackElo "2183"]
[PlyCount "107"]
[EventDate "2017.10.01"]
[EventType "team-tourn"]
[EventRounds "11"]
[EventCountry "AUT"]
[SourceTitle "EXT 2019"]
[Source "ChessBase"]
[SourceDate "2018.10.10"]
[SourceVersion "1"]
[SourceVersionDate "2018.10.10"]
[SourceQuality "1"]
[WhiteTeam "Mistelbach"]
[BlackTeam "Stockerau"]
[WhiteTeamCountry "AUT"]
[BlackTeamCountry "AUT"]

1. d4 Nf6 2. c4 g6 3. g3 c6 4. Nf3 d5 5. b3 Bg7 6. Bb2 0-0 7. Bg2 Ne4 8. 0-0 Nd7 9. Nbd2 Nxd2 10. Qxd2 b6 11. cxd5 cxd5 12. Rfc1 Ba6 13. Rc2 Rc8 14. Rac1 Rxc2 15. Qxc2 Qb8 16. Qc7 Rd8 17. Ba3 e6 18. e3 Bf8 19. Qxb8 Nxb8 20. Bxf8 Kxf8 21. Bf1 Rc8 22. Rxc8+ Bxc8 23. Bd3 Ba6 24. Bc2 Ke7 25. h4 Be2 26. Ne5 f6 27. Nd3 Bxd3 28. Bxd3 e5 29. dxe5 fxe5 30. Kf1 e4 31. Bb5 a6 32. Be2 Kd6 33. f3 exf3 34. Bxf3 Nc6 35. Be2 a5 36. Bd3 Ne5 37. Bc2 Kc5 38. a3 h6 39. Ke2 g5 40. hxg5 hxg5 41. Kd2 a4 42. Kc3 b5 43. bxa4 bxa4 44. Kd2 Kd6 45. Ke2 Ke7 46. Bf5 Kf6 47. Bc8 Ke7 48. Bf5 Kd6 49. Bh7 Ng4 50. Bf5 Ne5 51. Bh7 Kc5 52. Bf5 Nc4 53. Bd7 Ne5 54. Bf5 1/2-1/2

[Event "Niederoesterreich Landesliga 1617"]
[Site "Austria"]
[Date "2017.04.23"]
[Round "11.4"]
[White "Lipp, Alfred"]
[Black "Teuber, Andreas"]
[Result "1/2-1/2"]
[WhiteElo "2113"]
[BlackElo "2167"]
[PlyCount "67"]
[EventDate "2016.10.02"]
[EventType "team-tourn"]
[EventRounds "11"]
[EventCountry "AUT"]
[SourceTitle "EXT 2018"]
[Source "ChessBase"]
[SourceDate "2017.10.13"]
[SourceVersion "1"]
[SourceVersionDate "2017.10.13"]
[SourceQuality "1"]
[WhiteTeam "Zwettl"]
[BlackTeam "Mistelbach"]
[WhiteTeamCountry "AUT"]
[BlackTeamCountry "AUT"]

1. d4 d5 2. c4 dxc4 3. Nf3 Nf6 4. e3 e6 5. Bxc4 c5 6. 0-0 a6 7. Qe2 b5 8. Bb3 Bb7 9. Rd1 Nbd7 10. a4 b4 11. Nbd2 Be7 12. a5 Qc7 13. h3 0-0 14. Nc4 Rac8 15. Bd2 Bd5 16. Rdc1 Qb7 17. Bd1 Rc7 18. Qf1 Ne4 19. Be2 Ra8 20. Be1 Bf6 21. Nce5 Bxe5 22. Nxe5 Nxe5 23. dxe5 f6 24. f3 Ng5 25. exf6 gxf6 26. e4 Bb3 27. Bf2 Qc8 28. Bc4 Bxc4 29. Rxc4 e5 30. Rd1 Rc6 31. Rd5 Ne6 32. Be3 Ra7 33. Qd3 Rg7 34. Kh1 1/2-1/2

[Event "Niederoesterreich Landesliga 1516"]
[Site "Austria"]
[Date "2016.04.03"]
[Round "11.3"]
[White "Teuber, Andreas"]
[Black "Bauer, Thomas"]
[Result "1/2-1/2"]
[WhiteElo "2208"]
[BlackElo "2010"]
[PlyCount "97"]
[EventDate "2015.09.27"]
[EventType "team-tourn"]
[EventRounds "11"]
[EventCountry "AUT"]
[SourceTitle "EXT 2017"]
[Source "ChessBase"]
[SourceDate "2016.10.25"]
[SourceVersion "1"]
[SourceVersionDate "2016.10.25"]
[SourceQuality "1"]
[WhiteTeam "Mistelbach"]
[BlackTeam "Litschau/Eisgarn"]
[WhiteTeamCountry "AUT"]
[BlackTeamCountry "AUT"]

1. d4 Nf6 2. c4 c5 3. d5 e6 4. Nc3 exd5 5. cxd5 d6 6. g3 g6 7. Bg2 Bg7 8. Nf3 0-0 9. 0-0 Re8 10. Nd2 Nbd7 11. a4 a6 12. h3 Nh5 13. Kh2 Rb8 14. Nc4 Ne5 15. Na3 Bd7 16. a5 Qxa5 17. f4 b5 18. Nc2 Qd8 19. fxe5 Bxe5 20. Bf4 f5 21. Bxe5 Rxe5 22. Qd2 b4 23. Nd1 Bb5 24. Rf2 Qe7 25. e4 fxe4 26. Nde3 b3 27. Na3 Qg5 28. g4 Nf4 29. Nxb5 axb5 30. Qc3 Nd3 31. Re2 Qf4+ 32. Kg1 c4 33. Qd4 Rf8 34. Rf1 Qg3 35. Rxf8+ Kxf8 36. Qb6 Re7 37. Nf1 Qf4 38. Qxb5 e3 39. Qb6 Nxb2 40. Rxe3 Rxe3 41. Nxe3 Kg7 42. Qc7+ Kg8 43. Qc8+ Kf7 44. Qe6+ Kg7 45. Qe7+ Kg8 46. Qe6+ Kf8 47. Qc8+ Kg7 48. Qd7+ Kg8 49. Qe6+ 1/2-1/2

[Event "CZE-chT2E 1314"]
[Site "Czech Republic"]
[Date "2013.12.15"]
[Round "4.2"]
[White "Bazant, Petr Sr"]
[Black "Teuber, Andreas"]
[Result "1-0"]
[WhiteElo "2272"]
[BlackElo "2189"]
[PlyCount "77"]
[EventDate "2013.11.03"]
[EventType "team-tourn"]
[EventRounds "11"]
[EventCountry "CZE"]
[SourceTitle "EXT 2016"]
[Source "ChessBase"]
[SourceDate "2015.10.08"]
[SourceVersion "1"]
[SourceVersionDate "2015.10.08"]
[SourceQuality "1"]
[WhiteTeam "Stare Mesto II"]
[BlackTeam "Prusanky Podluzan"]
[WhiteTeamCountry "CZE"]
[BlackTeamCountry "CZE"]

1. d4 d5 2. c4 dxc4 3. Nf3 Nf6 4. Qa4+ Nc6 5. Nc3 Nd5 6. e4 Nb6 7. Qd1 Bg4 8. Be3 e6 9. Be2 Be7 10. 0-0 0-0 11. h3 Bh5 12. Qd2 Qc8 13. Ne5 Nxe5 14. Bxh5 Rd8 15. f4 Nd3 16. f5 c5 17. f6 gxf6 18. d5 Ne5 19. Qe2 exd5 20. Bf4 Ng6 21. exd5 Bf8 22. Rad1 Re8 23. Qd2 a6 24. Bg3 Nd7 25. d6 Qd8 26. Nd5 Bg7 27. Nc7 Rf8 28. Nxa8 Qxa8 29. Bg4 Rd8 30. Qd5 Nge5 31. Bxe5 Nxe5 32. Qxc5 b5 33. Bf5 Bh6 34. Kh1 Kg7 35. Qc7 Rg8 36. Rd4 Be3 37. Re4 Kh8 38. d7 Qd5 39. d8Q 1-0

[Event "CZE-chT2E 1314"]
[Site "Czech Republic"]
[Date "2013.11.17"]
[Round "2.2"]
[White "Teuber, Andreas"]
[Black "Markovic, Ivan1111"]
[Result "1/2-1/2"]
[WhiteElo "2189"]
[BlackElo "2112"]
[PlyCount "29"]
[EventDate "2013.11.03"]
[EventType "team-tourn"]
[EventRounds "11"]
[EventCountry "CZE"]
[SourceTitle "EXT 2016"]
[Source "ChessBase"]
[SourceDate "2015.10.08"]
[SourceVersion "1"]
[SourceVersionDate "2015.10.08"]
[SourceQuality "1"]
[WhiteTeam "Prusanky Podluzan"]
[BlackTeam "Hustopece"]
[WhiteTeamCountry "CZE"]
[BlackTeamCountry "CZE"]

1. d4 d6 2. e4 Nf6 3. Nc3 e5 4. dxe5 dxe5 5. Qxd8+ Kxd8 6. Bc4 Be6 7. Bxe6 fxe6 8. Nge2 Bd6 9. Bg5 Nbd7 10. 0-0-0 Ke7 11. f3 a6 12. Rd3 h6 13. Bh4 g5 14. Be1 b5 15. Nd1 1/2-1/2

[Event "CZE-chT2E 1213"]
[Site "Czech Republic"]
[Date "2013.02.17"]
[Round "9.2"]
[White "Teuber, Andreas"]
[Black "Markovic, Ivan1111"]
[Result "0-1"]
[WhiteElo "2195"]
[BlackElo "2140"]
[PlyCount "98"]
[EventDate "2012.10.14"]
[EventType "team-tourn"]
[EventRounds "11"]
[EventCountry "CZE"]
[SourceTitle "EXT 2016"]
[Source "ChessBase"]
[SourceDate "2015.10.08"]
[SourceVersion "1"]
[SourceVersionDate "2015.10.08"]
[SourceQuality "1"]
[WhiteTeam "Prusanky Podluzan"]
[BlackTeam "Hustopece"]
[WhiteTeamCountry "CZE"]
[BlackTeamCountry "CZE"]

1. e4 d6 2. d4 Nf6 3. Nc3 e5 4. Nf3 Nbd7 5. g3 Be7 6. Bg2 0-0 7. 0-0 c6 8. b3 Re8 9. Bb2 Qc7 10. Qd2 Bf8 11. Rad1 b5 12. Rfe1 a5 13. a3 Rb8 14. Nh4 g6 15. Ne2 Bg7 16. Nc1 Bb7 17. f3 c5 18. dxe5 dxe5 19. Qd6 Qxd6 20. Rxd6 Bf8 21. Rdd1 c4 22. Bh3 Bc6 23. Ng2 b4 24. a4 c3 25. Ba1 Bc5+ 26. Kh1 Nf8 27. Nd3 Bd4 28. Ne3 Bxe3 29. Rxe3 Rbd8 30. Ree1 Rd4 31. Bf1 Red8 32. Be2 N6d7 33. Kg1 Ne6 34. Kf2 Nec5 35. Ke3 Nxd3 36. Rxd3 Nc5 37. Rxd4 exd4+ 38. Kf4 d3 39. cxd3 Nxd3+ 40. Bxd3 Rxd3 41. g4 Bd7 42. h4 Be6 43. Re3 Rxe3 44. Kxe3 Bxb3 45. Kd4 Bxa4 46. Kc5 Bd7 47. g5 Kf8 48. f4 Ke7 49. Kd5 c2 0-1

[Event "Senica op 4th"]
[Site "Senica"]
[Date "2012.08.04"]
[Round "3"]
[White "Teuber, Andreas"]
[Black "Kikinder, Roman"]
[Result "1/2-1/2"]
[WhiteElo "2187"]
[BlackElo "2123"]
[PlyCount "34"]
[EventDate "2012.08.03"]
[EventType "swiss"]
[EventRounds "9"]
[EventCountry "SVK"]
[SourceTitle "EXT 2014"]
[Source "ChessBase"]
[SourceDate "2013.11.20"]
[SourceVersion "1"]
[SourceVersionDate "2013.11.20"]
[SourceQuality "1"]

1. d4 d5 2. Nf3 c6 3. c4 dxc4 4. e3 b5 5. a4 a6 6. b3 Be6 7. Ng5 Bd5 8. e4 h6 9. exd5 hxg5 10. axb5 Qxd5 11. bxc4 Qe4+ 12. Be3 e5 13. Be2 Bb4+ 14. Kf1 exd4 15. Bf3 Qf5 16. Bxd4 Rh4 17. bxc6 Ne7 1/2-1/2

[Event "Senica op 4th"]
[Site "Senica"]
[Date "2012.08.03"]
[Round "1"]
[White "Teuber, Andreas"]
[Black "Vrtiakova, Anna"]
[Result "1-0"]
[WhiteElo "2187"]
[BlackElo "1677"]
[PlyCount "77"]
[EventDate "2012.08.03"]
[EventType "swiss"]
[EventRounds "9"]
[EventCountry "SVK"]
[SourceTitle "EXT 2014"]
[Source "ChessBase"]
[SourceDate "2013.11.20"]
[SourceVersion "1"]
[SourceVersionDate "2013.11.20"]
[SourceQuality "1"]

1. d4 d5 2. Nf3 Nf6 3. e3 Bf5 4. c4 e6 5. Qb3 b6 6. cxd5 exd5 7. Nc3 Be7 8. Bd2 0-0 9. Rc1 h6 10. Nb5 c5 11. Qa4 a6 12. dxc5 Bxc5 13. Nbd4 Bd7 14. Qc2 Qe7 15. Nf5 Bxf5 16. Qxf5 Nbd7 17. Bd3 Qe6 18. Bc3 Qxf5 19. Bxf5 Rfe8 20. 0-0 Bd6 21. Rfd1 Ne5 22. Bd4 Nxf3+ 23. gxf3 Be5 24. Bxb6 Bxb2 25. Rc2 Be5 26. f4 Bd6 27. Rc6 Be7 28. Rdc1 Rab8 29. Bd4 a5 30. a4 Red8 31. Bb6 Re8 32. Bd3 Bb4 33. Bb5 Re6 34. Rc8+ Rxc8 35. Rxc8+ Kh7 36. Bd4 Bd2 37. Rf8 Re7 38. Bd3+ Ne4 39. f3 1-0

[Event "AUT-chT2O 1112"]
[Site "Austria"]
[Date "2012.04.29"]
[Round "11.5"]
[White "Teuber, Andreas"]
[Black "Salamon, Werner"]
[Result "1/2-1/2"]
[WhiteElo "2190"]
[BlackElo "2147"]
[PlyCount "76"]
[EventDate "2011.10.15"]
[EventType "team-tourn"]
[EventRounds "11"]
[EventCountry "AUT"]
[SourceTitle "EXT 2013"]
[Source "ChessBase"]
[SourceDate "2012.11.22"]
[SourceVersion "1"]
[SourceVersionDate "2012.11.22"]
[SourceQuality "1"]
[WhiteTeam "Niederabsdorf"]
[BlackTeam "Mattersburg"]
[WhiteTeamCountry "AUT"]
[BlackTeamCountry "AUT"]

1. d4 Nf6 2. Nf3 d5 3. e3 e6 4. Bd3 c5 5. c3 Be7 6. Nbd2 0-0 7. 0-0 b6 8. Qe2 a5 9. Ne5 Ba6 10. Bxa6 Nxa6 11. Nc6 Qc7 12. Nxe7+ Qxe7 13. b3 cxd4 14. exd4 Rfc8 15. Qd3 Nb8 16. a4 Qc7 17. Bb2 Nbd7 18. Rfe1 Nf8 19. Rac1 Ng6 20. g3 Qd7 21. f3 Qd6 22. Kg2 Re8 23. Ra1 Rac8 24. Ba3 Qf4 25. Kh1 Qc7 26. Rac1 Qb7 27. Qb5 Qc6 28. Qxc6 Rxc6 29. f4 Rec8 30. Bb2 Ne7 31. Kg2 Nf5 32. Kf3 Nd6 33. Ke2 Nfe4 34. Nxe4 Nxe4 35. Kd3 Nf2+ 36. Kd2 Ne4+ 37. Kd3 Nf2+ 38. Kd2 Ne4+ 1/2-1/2

[Event "AUT-chT2O 1112"]
[Site "Austria"]
[Date "2012.04.28"]
[Round "10.5"]
[White "Hangweyrer, Manfred"]
[Black "Teuber, Andreas"]
[Result "1-0"]
[WhiteElo "2320"]
[BlackElo "2190"]
[PlyCount "71"]
[EventDate "2011.10.15"]
[EventType "team-tourn"]
[EventRounds "11"]
[EventCountry "AUT"]
[SourceTitle "EXT 2013"]
[Source "ChessBase"]
[SourceDate "2012.11.22"]
[SourceVersion "1"]
[SourceVersionDate "2012.11.22"]
[SourceQuality "1"]
[WhiteTeam "Pamhagen"]
[BlackTeam "Niederabsdorf"]
[WhiteTeamCountry "AUT"]
[BlackTeamCountry "AUT"]

1. e4 e5 2. Nf3 Nf6 3. Nc3 Nc6 4. g3 d5 5. exd5 Nxd5 6. Bg2 Nxc3 7. bxc3 Bd6 8. 0-0 0-0 9. d3 Bf5 10. Rb1 Rb8 11. Ng5 Qd7 12. Be3 b6 13. Re1 Rbe8 14. Qh5 h6 15. Ne4 Ne7 16. Bxh6 Bxe4 17. Rxe4 gxh6 18. Bh3 f5 19. Qxh6 Rf7 20. Rh4 Rg7 21. Qh8+ Kf7 22. Qh5+ Rg6 23. d4 Kf6 24. Re1 Qb5 25. Qf3 Qc6 26. Qe2 Qxc3 27. dxe5+ Qxe5 28. Qd2 Qd5 29. Qxd5 Nxd5 30. Rxe8 Nc3 31. a4 Bc5 32. Rf4 Rg5 33. Bf1 Nd5 34. Rf3 Rg4 35. Bh3 Rxa4 36. Rxf5+ 1-0

[Event "AUT-chT2O 1112"]
[Site "Austria"]
[Date "2012.03.17"]
[Round "8.6"]
[White "Teuber, Andreas"]
[Black "Stranz, Richard"]
[Result "0-1"]
[WhiteElo "2190"]
[BlackElo "2196"]
[PlyCount "44"]
[EventDate "2011.10.15"]
[EventType "team-tourn"]
[EventRounds "11"]
[EventCountry "AUT"]
[SourceTitle "EXT 2013"]
[Source "ChessBase"]
[SourceDate "2012.11.22"]
[SourceVersion "1"]
[SourceVersionDate "2012.11.22"]
[SourceQuality "1"]
[WhiteTeam "Niederabsdorf"]
[BlackTeam "Lackenbach"]
[WhiteTeamCountry "AUT"]
[BlackTeamCountry "AUT"]

1. d4 Nf6 2. Nf3 c5 3. c3 b6 4. Bg5 e6 5. Nbd2 Bb7 6. e3 Be7 7. Bd3 0-0 8. 0-0 d6 9. Qe2 Nbd7 10. e4 Re8 11. Rfd1 Qc7 12. h3 Rad8 13. e5 Nd5 14. exd6 Qxd6 15. dxc5 Qxc5 16. Qe4 Nf8 17. Nb3 Qc7 18. Qh4 Bxg5 19. Nxg5 h6 20. Ne4 Nf4 21. Nd4 N8g6 22. Qg3 Bxe4 0-1

[Event "Niederoesterreich Landesliga 1112"]
[Site "Austria"]
[Date "2012.03.11"]
[Round "9"]
[White "Wallner, Joachim"]
[Black "Teuber, Andreas"]
[Result "1/2-1/2"]
[WhiteElo "2314"]
[BlackElo "2197"]
[PlyCount "65"]
[EventDate "2011.09.18"]
[EventType "team-tourn"]
[EventRounds "11"]
[EventCountry "AUT"]
[SourceTitle "EXT 2022"]
[Source "ChessBase"]
[SourceDate "2021.10.06"]
[SourceVersion "1"]
[SourceVersionDate "2021.10.06"]
[SourceQuality "1"]

1. b3 e5 2. Bb2 Nc6 3. e3 Nf6 4. Bb5 Bd6 5. Nf3 e4 6. Nd4 Nxd4 7. Bxd4 c6 8. Be2 Qe7 9. c4 Be5 10. Bxe5 Qxe5 11. Nc3 d5 12. cxd5 Nxd5 13. Nxd5 Qxd5 14. 0-0 0-0 15. d4 exd3 16. Bxd3 Bf5 17. Bxf5 Qxf5 18. Qe2 Rfd8 19. Rfd1 h6 20. Rd2 Qa5 21. Rad1 Kf8 22. h4 Rxd2 23. Rxd2 Rd8 24. Rxd8+ Qxd8 25. g3 Qd7 26. Kg2 Qd5+ 27. e4 Qd4 28. Qg4 Ke7 29. h5 c5 30. Qf4 Qd6 31. Qf5 Qd4 32. Qf4 Qd6 33. Qf5 1/2-1/2